000
00321pab a2200145 454500
008
180718b1988 xxu||||| |||| 00| 0 eng d
100
_a
Saha, B.P.
245
_a
Prejudice and police investigation
260
_c
1988
300
_a
1-3
362
_a
Jun.
650
_a
Police
773
_a
CBI Bulletin
909
_a
15109
999
_c
15109
_d
15109